00804nam a2200217Ii 45000010005000000030009000050080041000140400033000550410008000880820018000961000028001142450071001422640067002133000012002803360026002923370028003183380027003469400050003739990017004239520146004407504CO-ViMGA241108s9999||||xx |||||||||||||| ||und|| aCO-ViMGAbspaerdacCO-ViMGA0 aunk04a986.104-H673h1 aCornelio Hispano95402310aColombia en la guerra de independencia :bla cuentión venezolana 1a[Lugar de publicación no identificado] : Banco Popular, 1972 avolumen atextbtxt2rdacontent aunmediatedbn2rdamedia avolumebnc2rdacarrier aidficha_siabuc: 7331. -- ficha_no_siabuc:7504 c50862d50862 001040708001aMEVIGERRbMEVIGERRcGENd2006-11-27hVol.1o986.104-H673hpECA13527r2024-11-26 10:02:18tEj.1w2024-11-26yBKz7331 | 10319